Guess the Harry Styles song with no hints #4 - Statistics

General Stats
  • This quiz has been taken 89 times
  • The average score is 285 of 350
Answer Stats
Answer % Correct
I
100%
You
100%
you
100%
a
98%
me
96%
the
96%
be
95%
love
95%
my
95%
of
95%
So
95%
your
95%
And
93%
and
93%
No
93%
no
93%
in
91%
In
91%
know
91%
go
89%
go,
89%
it
89%
on
89%
to
89%
don't
88%
have
88%
who
88%
can
86%
for
86%
were
86%
you're
86%
You're
86%
like
84%
they
84%
It's
82%
it's
82%
never
82%
not
82%
show
82%
that
82%
all
80%
But
80%
but
80%
ever
80%
family
80%
just
79%
let
79%
showed
79%
cause
77%
Cause
77%
now
77%
time,
77%
time
77%
up
77%
up,
77%
will
77%
everyone
75%
is
75%
see
75%
always
73%
leavin'
73%
ooh
73%
own
73%
sorry
73%
sorry,
73%
way
73%
Big
71%
big
71%
Deal
71%
deal
71%
full
71%
invite
71%
mind
71%
Oh,
71%
party
71%
throw
71%
doin'
70%
sound
70%
been
68%
days
68%
feel
68%
growin'
68%
Matilda,
68%
Nothing
68%
talk
68%
As
66%
as
66%
bike
66%
home
66%
make
66%
need
66%
riding
66%
start
66%
won't
64%
alright
63%
change
63%
darkest
63%
dead
63%
long
63%
old
63%
piece
63%
world,
63%
bout
61%
tea
61%
them
61%
two
61%
bring
59%
business,
59%
following
59%
inside
59%
none
59%
off
59%
till
59%
alarming
57%
anymore
57%
believe
57%
clothes,
57%
seasons
57%
sun
57%
treated
57%
other
55%
power
55%
reason
55%
strong
55%
there's
55%
those
55%
toast
55%
wheels
55%
words,
55%
Anywhere
54%
especially
54%
seemed
54%
hurt
52%
pain
52%
trying
52%
enough
50%
tie
50%
you's
50%
hair
48%
smile
48%
ground
46%
lift
46%
framed
45%
posters
45%
dyed
43%
mmm
29%
No matching quizzes found
Score Distribution
Percent of People with Each Score
Percentile by Number Answered
Your Score History
You have not taken this quiz